Hidup, Ujian & Hikmah : (Record no. 204100)

MARC details
000 -LEADER
fixed length control field 01466nam a2200373 i 4500
005 - DATE AND TIME OF LATEST TRANSACTION
control field 20260505153548.0
008 - FIXED-LENGTH DATA ELEMENTS--GENERAL INFORMATION
fixed length control field 260505s2025 my gr 000 0dmay d
020 ## - INTERNATIONAL STANDARD BOOK NUMBER
International Standard Book Number 9786299509356
Terms of availability RM35.00
Qualifying information paperback
040 ## - CATALOGING SOURCE
Original cataloging agency PPAK
Language of cataloging eng
Transcribing agency PPAK
Description conventions rda
082 04 - DEWEY DECIMAL CLASSIFICATION NUMBER
Edition number 23
Classification number 297.57
090 00 - LOCALLY ASSIGNED LC-TYPE CALL NUMBER (OCLC); LOCAL CALL NUMBER (RLIN)
Classification number (OCLC) (R) ; Classification number, CALL (RLIN) (NR) 297.57
Feature heading SYA
Feature heading G
100 0# - MAIN ENTRY--PERSONAL NAME
Personal name Syaari Abdul Rahman,
Relator term author.
245 10 - TITLE STATEMENT
Title Hidup, Ujian & Hikmah :
Remainder of title REFLEKSI HATI KE HATI /
Statement of responsibility, etc. Syaari -Ayat -Mardhiyah -Sarah -Nuraini -Dzulkhairi -Ainun Mardhiah -Abdullah Bukhari -Usaid -Maria ; Editor: Ustaz Dzul Khairi
264 #1 - PRODUCTION, PUBLICATION, DISTRIBUTION, MANUFACTURE, AND COPYRIGHT NOTICE
Place of production, publication, distribution, manufacture Petaling Jaya, Selangor :
Name of producer, publisher, distributor, manufacturer Faqih Group Sdn Bhd,
Date of production, publication, distribution, manufacture, or copyright notice [2025?]
300 ## - PHYSICAL DESCRIPTION
Extent 189 pages ;
Dimensions 23 cm
336 ## - CONTENT TYPE
Content type term text
Source rdacontent
337 ## - MEDIA TYPE
Media type term unmediated
Source rdamedia
338 ## - CARRIER TYPE
Carrier type term volume
Source rdacarrier
500 ## - GENERAL NOTE
General note Contains verses from the Qur'an and quotes from the Hadith.
General note Includes bibliographical references.
650 10 - SUBJECT ADDED ENTRY--TOPICAL TERM
Topical term or geographic name entry element Muslims
General subdivision Conduct of life.
Topical term or geographic name entry element Religious life
General subdivision Islam.
Topical term or geographic name entry element Islam
General subdivision Customs and practices.
700 1# - ADDED ENTRY--PERSONAL NAME
Personal name Ayat Ibrahim,
Relator term author.
Personal name Siti Mardhiyah Kamal Azhar,
Relator term author.
Personal name Siti Sarah Izham,
Relator term author.
Personal name Nuraini Shahbuddin,
Relator term author.
Personal name 'Ainun Mardhiah Ismail,
Relator term author.
Personal name Abdullah Bukhari Abdul Rahim,
Relator term author.
Personal name Wan Muhd Usaid Wan Subki,
Relator term author.
Personal name Maria Marzuki,
Relator term author.
Personal name Dzul Khairi,
Titles and other words associated with a name Ustaz,
Relator term editor.
942 ## - ADDED ENTRY ELEMENTS (KOHA)
Source of classification or shelving scheme Dewey Decimal Classification
Koha item type Book

No items available.